Clearco Meonio : breves noticias acerca del Illmo. Sr. D. Joaquín Arcadio Pagaza, obispo de Veracruz /
Breve biografía de Joaquín Arcadio Pagaza (1839-1918). Escritor y religioso mexicanos, el cual pasó largos años como cura en Taxco, Cuernavaca y Tenango del Valle. Se dedicó al estudio de las ciencias eclesiásticas y al cultivo de la literatura. En 1895 es consagrado obispo de Veracruz. Entre los ár...
Guardado en:
| Autor principal: | |
|---|---|
| Formato: | Libro |
| Idioma: | Español |
| Temas: | |
| Etiquetas: |
Sin etiquetas, Sé el primero en etiquetar este registro!
|
MARC
| LEADER | 00000nam^a2200000^a^4500 | ||
|---|---|---|---|
| 001 | 000119297 | ||
| 005 | 20250521000000.0 | ||
| 009 | 20260310094312.733 | ||
| 037 | |a Acervo ITESO - Biblioteca | ||
| 041 | |a ESP | ||
| 082 | |a 200. 92 |b CAR | ||
| 100 | |a Carreño, Alberto María |e (autor) | ||
| 245 | 1 | 0 | |a Clearco Meonio : |b breves noticias acerca del Illmo. Sr. D. Joaquín Arcadio Pagaza, obispo de Veracruz / |c A.M. Carreño. |
| 264 | |a México : |b Imprenta Victoria, |c 1919 | ||
| 300 | |a 36 p. | ||
| 336 | |a texto |b txt |2 rdacontenido | ||
| 337 | |a sin mediación |b n |2 rdamedio | ||
| 338 | |a volumen |b nc |2 rdasoporte | ||
| 520 | |a Breve biografía de Joaquín Arcadio Pagaza (1839-1918). Escritor y religioso mexicanos, el cual pasó largos años como cura en Taxco, Cuernavaca y Tenango del Valle. Se dedicó al estudio de las ciencias eclesiásticas y al cultivo de la literatura. En 1895 es consagrado obispo de Veracruz. Entre los árcades de Roma figuró con el nombre de Clearco Meonio. La aparición de su libro Murmullos de la selva, fue un acontecimiento literario. | ||
| 649 | |a XX | ||
| 650 | |a Obispos de Veracruz - |x Biografías | ||
| 650 | |a Religiosos Mexicanos - |x Biografías | ||
| 650 | |a Escritores Mexicanos - |x Biografías | ||
| 650 | |a Iglesia Católica en Veracruz - |x Historia | ||
| 650 | |a Iglesia Católica en México - |x Historia | ||
| 650 | |a Poesía Mexicana | ||
| 650 | |a Literatura Mexicana - |x Historia y Crítica | ||
| 650 | |a Religión y Literatura | ||
| 650 | |a México - |x Historia - |y Siglo XIX | ||
| 650 | |a Pagaza, Joaquín Arcadio | ||
| 910 | |a Fondo Salvador Reynoso Reynoso | ||
| 920 | |a Impresos - Libros | ||
| 930 | |a Fondos Especiales | ||
| 905 | |a 112 | ||
| 901 | |a 0800005103 |b IT2 |c ESP |u 20250521 | ||
| 902 | |a https://opac.biblio.iteso.mx/vufind/Record/000119297 | ||